| 000 | 00606nam a2200205 a 4500 | ||
|---|---|---|---|
| 005 | 20250307063808.0 | ||
| 008 | 991125s1983 es 000 0 spa u | ||
| 035 | _aUPN01000003284 | ||
| 049 | _aCG | ||
| 050 | 4 |
_aP35 _aB9.3 |
|
| 100 | 1 |
_aBuxó Rey, María Jesús _936226 |
|
| 245 | 1 | 0 |
_aAntropología lingüística / _cMa. Jesús Buxo. |
| 260 |
_aBarcelona, Esp. : _bAnthropos, _c1983. |
||
| 300 | _a79 p. | ||
| 440 | 0 |
_aCuadernos A de antropología. _pTemas generales ; _v3 |
|
| 650 | 4 |
_aLenguaje y lenguas _93837 |
|
| 650 | 2 |
_aAntropología _94499 |
|
| 650 | 2 |
_aSociolingüística _96710 |
|
| 905 | _aLibro | ||
| 999 |
_c3284 _d3284 |
||